[Event "9th HDBank Open 2019"]
[Site "Ho Chi Minh City"]
[Date "2019.03.10"]
[Round "5.1"]
[White "Bogdanovich, Stanislav"]
[Black "Iturrizaga Bonelli, Eduardo"]
[Result "1/2-1/2"]
[WhiteElo "2536"]
[BlackElo "2639"]
[Annotator "TA"]
[PlyCount "213"]
[EventDate "2019.03.07"]
[EventType "swiss"]
[EventCountry "VIE"]
[SourceTitle "playchess.com"]
[Source "ChessBase"]
[SourceQuality "1"]

{[%evp 15,213,45,58,49,52,52,45,45,45,55,47,40,57,56,69,78,69,76,100,94,112,100,105,110,120,86,99,83,78,83,85,79,81,75,81,73,71,47,64,66,66,68,58,57,62,30,29,35,100,117,108,95,115,60,107,108,115,115,162,166,169,124,116,118,119,125,113,85,92,81,127,85,173,160,209,200,196,137,159,152,138,145,143,129,123,122,186,173,232,207,213,192,195,180,204,191,190,190,271,262,266,252,267,278,450,491,434,353,506,506,506,506,506,506,468,249,229,222,215,59,60,60,60,58,58,44,64,50,552,12,12,12,12,12,186,180,184,185,167,12,12,12,14,14,14,14,170,14,14,14,14,14,14,14,14,14,14,14,14,12,12,12,12,12,12,12,12,12,12,12,14,14,14,14,14,14,14,14,14,14,14,14,14,14,14,14,14,14,14,14,14,14,14,0,14,0,22,22,22,22]} 1. d4 Nf6 2. c4 e6 3. Nf3 b6 4. a3 Ba6 5. Qb3 Bb7 6. Nc3 g6 7. Qc2 Bg7 8. e4 O-O 9. Bd3 {E12: Queen's Indian: Unusual White 4th moves, 4 a3, 4 Nc3 Bb7 5 a3 and 4 Nc3 Bb7} (9. Be2 d5 10. cxd5 exd5 11. e5 Ne4 12. O-O c5 13. dxc5 bxc5 14. Rd1 Nxc3 15. bxc3 Nd7 16. Rb1 Bc6 {0-1 (43) Wang,Y (2718)-Mamedyarov,S (2747) Huaian 2016}) 9... c5 10. d5 exd5 11. cxd5 {White is slightly better.} d6 12. O-O a6 13. a4 Nbd7 14. Bf4 Qc7 $146 ({Predecessor:} 14... Qe7 15. h3 Nh5 16. Bg5 Bf6 {½-½ (40) Tassone,R (2164)-Vegjeleki,A (2320) ICCF email 2014}) 15. Nd2 Ng4 16. Be2 Nge5 17. Bg3 f6 18. f4 Nf7 19. Nc4 Rae8 20. h3 Nh6 21. f5 Nf7 22. Qb3 Nfe5 23. Bxe5 Nxe5 24. Qxb6 Qxb6 25. Nxb6 Bh6 26. Nd1 Bd2 {With the idea ...Ba5.} 27. a5 Kg7 28. b3 Re7 29. Ra2 Bb4 30. h4 Nf7 31. Bd3 g5 (31... Ne5 $14 32. Bb1 Bc8) 32. hxg5 $16 Nxg5 33. Nf2 Bc3 34. Ra4 ({White should play} 34. Nc4 $16) 34... Rfe8 35. Rc1 Bd2 36. Rc2 Be1 37. Nc4 Rd8 38. Kf1 Bxf2 39. Kxf2 Rxe4 40. Bxe4 Nxe4+ 41. Kg1 Bxd5 42. Ra1 Bf7 43. Rd1 Rb8 (43... Kh6 $16) 44. Rd3 $1 $18 d5 45. Nb6 $1 d4 {[#]} 46. Re2 ({Better is} 46. b4 $1 $18 {[%mdl 512]} cxb4 47. Rxd4) 46... Nd6 $16 {[#]} 47. b4 $1 {[%mdl 576] Deflection} cxb4 48. Rxd4 {[%mdl 64] Double Attack} Nxf5 49. Rxb4 Rd8 50. Rf2 Nd4 (50... Bg6 $16 51. Nc4 Rd4) 51. Nc4 $18 Nb5 (51... Nb3 {was called for.} 52. Rxb3 Bxc4) 52. Ne3 Bg6 53. Rbf4 Rd3 54. Nf5+ Kf7 55. Nh4 Rd6 56. g4 Kg7 (56... h6 {might work better.} 57. Nxg6 Kxg6) 57. Nf5+ Bxf5 58. gxf5 {[%mdl 4096] Endgame KRR-KRN} ({Don't take} 58. Rxf5 $6 Nd4 $16) 58... Rd1+ 59. Kh2 Ra1 $2 (59... Rd5 60. Rg2+ Kf8) 60. Rg2+ Kf8 61. Rh4 Nd6 (61... Rxa5 $142 62. Rd2 (62. Rxh7 Nd4 $18) 62... Nc3 63. Rxh7 Rd5) 62. Rxh7 Nf7 63. Rb2 {White threatens Rb7 and mate.} Kg8 64. Rh4 Rxa5 65. Rb8+ (65. Rg4+ $142 Ng5 66. Rc4) 65... Kg7 66. Rg4+ Kh6 67. Rg6+ $2 (67. Rf8 $1 $18 Ng5 68. Rxf6+ Kh5 69. Rb4) 67... Kh5 $14 68. Rxf6 Ne5 69. Rff8 Kg5 70. Rb3 Ng4+ 71. Kg1 Kf4 $2 {[%mdl 8192] [#]} (71... Nf6 $14) 72. Rd3 $2 (72. f6 $1 $18) 72... Ra1+ $11 73. Kg2 Ra2+ 74. Kf1 Ra1+ $2 (74... Ne3+ $11 75. Ke1 Ng2+ 76. Kd1 Ne3+ 77. Kc1 Ke4) 75. Ke2 $18 Ra2+ {[#]} 76. Ke1 $1 Ra1+ 77. Rd1 $2 (77. Kd2 $18 Nf2 78. Rdd8) 77... Rxd1+ $1 $11 78. Kxd1 {KR-KN} Ke5 79. Ke2 Nf6 80. Ra8 a5 $2 (80... Kxf5 $11 {and Black stays safe.} 81. Rxa6 Nd5) 81. Kd3 $2 (81. Rxa5+ $18 Ke4 82. Kf2) 81... Kxf5 {The position is equal.} 82. Rxa5+ Ke6 83. Kd4 Nd7 84. Rd5 Nf6 85. Re5+ Kd6 86. Re1 Nd7 87. Ke4 {Black must now prevent Kf5.} Nc5+ 88. Ke3 {aiming for Kd4.} Kd5 89. Rd1+ Kc4 90. Rd8 Nb3 91. Rd7 Nc5 92. Rd4+ Kb5 93. Rh4 Kc6 94. Kd4 {Rh6+ would kill now.} Ne6+ 95. Ke5 Nc7 96. Rc4+ Kd7 97. Rc1 Ne8 98. Rh1 Nc7 99. Rh6 {Strongly threatening Rd6+.} Ne8 100. Ra6 {Hoping for Rg6.} Nc7 101. Rd6+ Ke7 102. Rd1 Ne8 103. Rg1 {And now Rg8 would win.} Kd7 104. Rh1 Nc7 105. Rh6 {Rd6+ is the strong threat.} Ne8 106. Rg6 {Threatens to win with Re6.} Nc7 107. Ke4 {Accuracy: White = 62%, Black = 58%.} 1/2-1/2

[Event "9th HDBank Open 2019"]
[Site "Ho Chi Minh City"]
[Date "2019.03.10"]
[Round "5.2"]
[White "Wang, Hao"]
[Black "Megaranto, Susanto"]
[Result "1-0"]
[WhiteElo "2718"]
[BlackElo "2526"]
[Annotator "TA"]
[PlyCount "79"]
[EventDate "2019.03.07"]
[EventType "swiss"]
[EventCountry "VIE"]
[SourceTitle "playchess.com"]
[Source "ChessBase"]
[SourceQuality "1"]

{[%evp 13,79,33,43,35,48,43,43,44,49,39,50,31,66,34,28,25,42,43,64,46,68,66,103,94,96,93,104,95,286,278,282,190,191,163,183,185,279,116,129,128,151,149,228,204,209,209,208,203,197,188,181,186,212,225,204,207,273,266,254,259,503,486,29978,29979,6383,6319,29986,29987]} 1. e4 d5 2. exd5 Qxd5 3. Nc3 Qa5 4. d4 c6 5. Nf3 Bf5 6. Bc4 e6 7. Bd2 Qc7 8. Nh4 {B01: Scandinavian Defence} (8. Qe2 Nf6 9. O-O-O b5 10. Bb3 a5 11. a3 b4 12. Na4 Nbd7 13. Ne5 Be4 14. Nxd7 Kxd7 15. c4 bxc3 16. Nxc3 Bg6 17. Ba4 Bxa3 18. bxa3 {1-0 (44) Lu,S (2636)-Nie,X (2229) Tianjin 2018}) 8... Bg6 9. Nxg6 hxg6 10. Qf3 {White is slightly better.} Nf6 11. O-O-O Nbd7 12. Bb3 O-O-O 13. g4 $146 {Strongly threatening g5.} ({Predecessor:} 13. Kb1 Nb6 14. Bg5 Be7 15. h4 a5 {1-0 (39) Renard,S (2021)-Garay,L (1965) ICCF email 2017}) 13... Nb6 14. g5 Nh5 15. Ne2 Bd6 16. Kb1 Rhf8 17. c4 {Threatens to win with c5.} c5 18. Nc3 cxd4 19. Nb5 $1 {[%csl LRa7,LRc7,LRd4]} Qc5 {[#]} 20. a3 $1 Bf4 $2 (20... Be7 $16) 21. Bb4 $18 Qxg5 22. Bxf8 ({And not} 22. Nxd4 Rh8 $11) (22. Rxd4 Rxd4 23. Nxd4 Rd8 $15) 22... Rxf8 23. Rxd4 {And now Rhd1 would win.} ({Resist} 23. Nxd4 $6 Kb8 $16) 23... Kb8 24. Rhd1 Be5 (24... Rc8 $142 25. Rd7 Nxd7 26. Rxd7 {[%mdl 64] Double Attack} Rc6) 25. Nd6 (25. R4d3 $18 {is more deadly.}) 25... Qe7 $16 26. R4d2 {aiming for c5.} Bxd6 27. Rxd6 $40 {[%mdl 128] Hoping for c5. White attacks with force.} Nf6 (27... Rc8 $16 28. R6d4 Nf6) 28. Qd3 $18 Rc8 29. Rd8 Qc7 30. Rxc8+ Nxc8 31. Qh3 Ne4 32. Qh4 Qe5 33. Rd8 g5 {[#]} 34. Qh8 $1 {[%csl Gh8][%cal Rd8c8]} Ned6 35. Qf8 b6 36. Ba4 Kc7 $2 {[#]} (36... Qf5+ {was worth a try.} 37. Ka2 Qc5 38. Qxg7 Qxc4+ 39. Bb3 Qf4) 37. Bb5 $1 {[%mdl 576] Deflection} Nxb5 (37... Qe4+ $18 38. Ka2 Qf4) 38. Rxc8+ Kb7 39. cxb5 Qe4+ 40. Rc2 {Accuracy: White = 79%, Black = 38%.} 1-0

[Event "9th HDBank Open 2019"]
[Site "Ho Chi Minh City"]
[Date "2019.03.10"]
[Round "5.3"]
[White "Xu, Yi"]
[Black "Mareco, Sandro"]
[Result "1/2-1/2"]
[WhiteElo "2520"]
[BlackElo "2666"]
[Annotator "TA"]
[PlyCount "72"]
[EventDate "2019.03.07"]
[EventType "swiss"]
[EventCountry "VIE"]
[SourceTitle "playchess.com"]
[Source "ChessBase"]
[SourceQuality "1"]

{[%evp 16,72,26,31,38,31,35,-39,45,47,53,37,78,45,42,38,56,56,54,54,58,50,59,18,15,15,35,27,31,20,12,13,18,16,24,22,25,24,32,0,20,0,29,0,31,21,35,23,41,15,14,21,33,0,0,0,21,0,0]} 1. e4 c6 2. d4 d5 3. e5 Bf5 4. Nf3 e6 5. Be2 Nd7 6. O-O h6 7. Nbd2 {[%cal Bb1d2,Bd2f1,Bf1g3][%mdl 32]} g5 {B12: Caro-Kann: Advance Variation} 8. c3 Ne7 9. Re1 {LiveBook: 15 Games} (9. Ne1 c5 10. Nc2 Nc6 11. Nb3 c4 12. Nd2 Bg6 13. Bh5 Bd3 14. Re1 Bg7 {0-1 (60) Vachier Lagrave,M (2779)-Nakamura,H (2777) chess.com INT 2018}) 9... Bg6 {White is slightly better.} 10. Nf1 c5 11. Bd3 $146 ({White should try} 11. h3 $14) ({Predecessor:} 11. dxc5 Bg7 12. Bb5 Nc6 13. Be3 Ndxe5 14. Nxe5 Bxe5 15. Bd4 Bxd4 16. cxd4 {½-½ (36) Van Foreest,J (2624)-Lobanov,S (2535) Manavgat 2018}) 11... Bg7 (11... g4 $15 12. Bxg6 Nxg6) 12. h3 $14 Rc8 13. Ng3 Qb6 14. b3 O-O 15. Be3 Qc7 16. Rc1 cxd4 17. cxd4 Qa5 18. Bxg6 fxg6 19. Qd2 (19. a4 {is more complex.} Qb6 20. Ne2 Nb8 21. Bd2 Nbc6 22. b4) 19... Qxd2 $1 20. Bxd2 Rc6 21. Kf1 Rfc8 22. Ke2 Bf8 23. Kd3 Rxc1 24. Rxc1 Nc6 25. Ne2 Ba3 26. Rb1 Be7 27. Rc1 Ba3 28. Rb1 Be7 29. Rc1 a6 30. Ne1 Ba3 31. Rb1 Ndxe5+ 32. dxe5 Nxe5+ 33. Kd4 Nc6+ 34. Kd3 Ne5+ {The position is equal.} 35. Kd4 Nc6+ 36. Kd3 Ne5+ {Precision: White = 53%, Black = 54%.} 1/2-1/2

[Event "9th HDBank Open 2019"]
[Site "Ho Chi Minh City"]
[Date "2019.03.10"]
[Round "5.4"]
[White "Van Wely, Loek"]
[Black "Karthik Venkataraman"]
[Result "1/2-1/2"]
[WhiteElo "2612"]
[BlackElo "2494"]
[Annotator "TA"]
[PlyCount "74"]
[EventDate "2019.03.07"]
[EventType "swiss"]
[EventCountry "VIE"]
[SourceTitle "playchess.com"]
[Source "ChessBase"]
[SourceQuality "1"]

{[%evp 9,74,17,27,22,31,28,32,32,38,23,30,-3,27,20,28,26,20,16,72,72,90,69,126,132,118,125,111,109,158,123,117,74,154,145,146,132,158,68,62,67,99,76,65,54,39,27,30,19,25,21,23,28,54,0,0,0,0,0,0,0,0,0,0,0,0,0,0]} 1. d4 Nf6 2. c4 e6 3. Nf3 a6 4. Nc3 d5 5. cxd5 exd5 6. Bg5 {D37: Queen's Gambit Declined: 5 Bf4} Be6 7. e3 Nbd7 8. Bd3 {White is slightly better.} Bd6 9. Qc2 (9. O-O c6 10. Qc2 Qc7 11. Rfe1 O-O 12. a3 Bg4 13. Bh4 Bh5 {0-1 (35) Mamedyarov,S (2817)-Maghsoodloo,P (2688) St Petersburg 2018}) 9... c6 10. O-O-O Qc7 11. Kb1 h6 $146 ({Predecessor:} 11... O-O-O 12. Rc1 Kb8 13. Nd2 h6 {0-1 (54) Sanz Losada,V (2091)-Chylewski,P (2335) Warsaw 2018}) 12. Bh4 O-O 13. Nd2 g5 (13... Be7 $11 {keeps the balance.}) 14. Bg3 $16 Kg7 15. Nf1 Nh5 (15... c5 $14) 16. Bxd6 Qxd6 17. Qe2 Nhf6 18. Ng3 c5 19. h4 {And now hxg5 would win.} cxd4 20. hxg5 hxg5 (20... dxc3 $142 21. gxf6+ Nxf6) 21. Nh5+ ({Resist} 21. exd4 Rh8 $16) 21... Nxh5 22. Qxh5 {[%cal Rh5g5]} Kf6 {[#]} 23. Ne2 (23. Qh6+ $1 $16 Ke7 24. exd4) 23... Rh8 $1 $14 {[%cal Rh8h5]} 24. Qf3+ Ke7 {Threatens to win with ...Rxh1.} 25. Rxh8 Rxh8 26. Nxd4 Ne5 27. Qg3 Nxd3 28. Qxg5+ Kd7 29. Rxd3 {Strongly threatening Rd1.} Rh1+ 30. Kc2 Qb4 31. Rc3 ({Better is} 31. a3 $14 Qa4+ 32. Rb3) 31... Qa4+ $11 {The position is equal.} 32. Nb3 Qxa2 {( -> ...Qb1+)} 33. Nc5+ {[%mdl 64] [#] Double Attack} Ke8 {aiming for ...Qa1.} 34. Nxe6 {[%csl Ge6][%cal Rg5d8]} Qa4+ 35. Rb3 {[%csl Ge6][%cal Rg5d8]} Qc4+ 36. Rc3 {[%csl Ge6][%cal Rg5d8]} Qa4+ 37. Rb3 {[%csl Ge6][%cal Rg5d8]} Qc4+ {Accuracy: White = 61%, Black = 49%.} 1/2-1/2

[Event "9th HDBank Open 2019"]
[Site "Ho Chi Minh City"]
[Date "2019.03.10"]
[Round "5.5"]
[White "Laxman, R.R."]
[Black "Cheparinov, Ivan"]
[Result "0-1"]
[WhiteElo "2425"]
[BlackElo "2683"]
[Annotator "TA"]
[PlyCount "123"]
[EventDate "2019.03.07"]
[EventType "swiss"]
[EventCountry "VIE"]
[SourceTitle "playchess.com"]
[Source "ChessBase"]
[SourceQuality "1"]

{[%evp 16,123,30,29,31,0,5,5,-13,-7,0,-8,0,-63,-61,-101,-89,-84,-81,-83,-83,-100,-106,-106,-100,-158,-111,-118,-105,-137,-87,-92,-92,-98,-81,-98,-81,-83,-81,-85,-76,-110,-93,-91,-85,-83,-72,-103,-77,-96,-82,-116,-108,-100,-83,-130,-110,-116,-78,-144,-144,-144,-139,-137,-114,-114,-104,-108,-79,-78,-78,-135,-144,-162,-173,-180,-173,-176,-169,-191,-191,-191,-191,-191,-191,-185,-185,-541,-475,-29947,-11660,-29955,-29957,-29961,-29962,-29961,-29964,-29966,-29965,-29974,-29974,-29974,-29975,-29975,-29976,-29976,-29976,-29978,-29978,-29961]} 1. d4 Nf6 2. Nf3 g6 3. c4 Bg7 4. Nc3 d5 5. cxd5 Nxd5 6. Bd2 O-O 7. Rc1 Nc6 8. e4 Nxc3 {D90: Grünfeld: 4 Nf3 Bg7 sidelines} 9. bxc3 {LiveBook: 3 Games} (9. Bxc3 Bg4 10. d5 Ne5 11. Be2 Nxf3+ 12. Bxf3 Bxc3+ 13. Rxc3 Bxf3 14. Qxf3 e6 15. dxe6 fxe6 16. Qe2 Qd7 17. O-O Rad8 18. Rcc1 c6 19. Rfd1 Qe7 20. g3 Rxd1+ 21. Rxd1 {½-½ (21) Fridman,D (2630)-Ftacnik,L (2571) Germany 2008}) 9... b6 10. d5 $146 ({Predecessor:} 10. Bd3 Na5 11. Qe2 c5 12. d5 c4 13. Bxc4 Nxc4 14. Qxc4 e6 15. O-O exd5 16. Qxd5 {0-1 (30) Pardo Simon,D (2468)-Maatman,N (2339) Netherlands 2017}) 10... Ne5 {The position is equal.} 11. Nxe5 Bxe5 12. Bb5 Qd6 13. Bh6 Rd8 {[%cal Bf8d8,Bd8d6,Bd6e6][%mdl 32]} 14. Qd2 (14. Bc6 $11 Rb8 15. Qd2) 14... Bb7 $1 $15 15. Be3 c6 16. dxc6 Bxc6 17. Qxd6 Rxd6 18. f4 Bxb5 19. fxe5 Re6 20. Bf4 (20. Bd4 $142) 20... Bd3 21. Kf2 Bxe4 22. Rhe1 Bc6 23. c4 Kg7 24. g3 Rd8 25. h4 h6 26. Rc3 Rd4 27. Re2 Rd7 28. a3 Rc7 29. c5 b5 30. Rd3 Rc8 31. Rd1 Rh8 32. Bd2 {[#]} g5 $1 {[%mdl 512]} 33. Ba5 (33. hxg5 hxg5) 33... Kg6 34. Rd4 Re8 35. Bc7 Rc8 36. Ba5 Be8 37. Rd8 ({White should try} 37. Bb4) 37... Rxd8 $17 38. Bxd8 {[%mdl 4096] Endgame KRB-KRB} Bc6 39. hxg5 hxg5 40. g4 Bd7 41. Re3 Ra6 42. Bxe7 Bxg4 43. Bd6 (43. Rg3 $142 Ra4 44. Rc3) 43... Be6 44. Kg3 Kf5 45. Rc3 Bd5 46. Kf2 Ra4 47. c6 Rc4 48. Rxc4 bxc4 $19 {KB-KB} 49. c7 Be6 50. Ke3 a6 51. Kd4 $2 {[#]} (51. Kf3 {is more resistant.}) 51... Kg4 $1 {[%cal Rg4f3]} 52. c8=Q (52. Ke4 $19 Kh3 53. Bc5) 52... Bxc8 53. Kxc4 Kf3 {Black mates.} 54. Kd3 g4 55. Kd2 Kf2 56. Bc5+ {[#]} Kf1 $1 57. e6 Bxe6 58. Bd6 Kf2 59. Bc5+ Kf3 60. Ke1 Bc4 61. Bd6 f5 62. Bc7 {Precision: White = 38%, Black = 68%.} 0-1

[Event "9th HDBank Open 2019"]
[Site "Ho Chi Minh City"]
[Date "2019.03.10"]
[Round "5.6"]
[White "Demchenko, Anton"]
[Black "Nguyen, Anh Dung"]
[Result "1/2-1/2"]
[WhiteElo "2678"]
[BlackElo "2458"]
[Annotator "TA"]
[PlyCount "173"]
[EventDate "2019.03.07"]
[EventType "swiss"]
[EventCountry "VIE"]
[SourceTitle "playchess.com"]
[Source "ChessBase"]
[SourceQuality "1"]

{[%evp 9,173,8,19,11,41,39,43,41,34,50,48,35,52,45,59,56,58,43,64,65,56,56,105,101,185,177,193,184,181,170,181,172,199,158,215,192,205,198,376,394,394,390,366,371,349,198,190,198,191,179,186,0,0,0,0,0,8,9,8,6,6,1,6,7,5,-140,56,0,8,8,8,8,8,8,8,8,8,8,41,8,8,8,8,8,16,8,17,8,8,8,8,8,8,0,22,8,8,8,8,8,8,8,34,30,28,8,8,8,8,8,8,8,8,8,8,0,8,8,8,8,8,8,8,8,8,8,8,8,8,8,8,8,8,8,8,8,8,8,8,8,26,8,26,26,26,26,27,27,27,27,27,29,29,30,42,30,60,8,8,8,8,8,8,8,8,8]} 1. e4 c6 2. Nc3 d5 3. Nf3 Bg4 4. h3 Bxf3 5. Qxf3 e6 6. Qg3 {B11: Caro-Kann: Two Knights Variation} dxe4 7. Nxe4 Nh6 8. Qb3 {White is slightly better.} Qc7 9. d4 Nf5 10. c3 Nd7 11. g3 O-O-O $146 ({Predecessor:} 11... Nd6 12. Ng5 Be7 13. Bg2 Qa5 {1-0 (44) Bartel,M (2653)-Ruck,R (2563) Katowice 2016}) 12. Bg2 h6 13. Bf4 Qa5 14. O-O g5 15. Bd2 Be7 16. Qc2 Nb6 (16... Ng7 $16) 17. a4 $18 Nc4 18. b4 Qc7 19. Bc1 $1 Nfd6 20. Nc5 Nf5 21. Qe2 Nb6 (21... Bxc5 $16 22. bxc5 Na5) 22. Ne4 Nd5 23. b5 c5 $2 (23... Rhe8 24. Bb2 Kb8) 24. dxc5 Bxc5 25. Nxc5 Qxc5 26. Ba3 Qc7 {[#]} 27. Rfc1 (27. a5 $142 $1 {[%mdl 512]}) 27... Rhg8 28. Qe4 $1 Nf6 29. Qe1 $1 g4 {[#]} 30. a5 $2 (30. h4 $1 $18) 30... gxh3 $1 $11 31. b6 $1 {[%cal Rb6c7]} axb6 32. axb6 Qc4 33. Bxh3 Nxg3 $1 34. fxg3 {Threatens to win with Bb4.} Rd3 $132 {[%mdl 2048] Black has counterplay} 35. Bg2 Rdxg3 36. Rc2 Qc6 $1 {[%cal Rg3g2]} 37. Raa2 (37. Qf1 $11 {was the only way to keep the balance.} R3g4 38. Rb2) 37... Nd5 $2 (37... Qxb6+ $17 38. Kf1 {[#]} Rf3+ $1 {[%mdl 512]} 39. Rf2 Rxf2+ 40. Rxf2 Ng4) 38. Kh1 (38. Bc1 $1 $14) 38... Rxg2 (38... Qc4 $5 39. Qg1 $8 Re3 $11) 39. Rxg2 Nf4 {[%cal Rg8g2]} 40. Qf1 (40. Bc1 Rxg2 41. Ra8+ Kd7 42. Rd8+ Kxd8 43. Qf1 Rf2+ 44. Kg1 Rxf1+ 45. Kxf1 Qg2+ 46. Ke1 Qe2#) 40... Rg4 {[%mdl 64] Pin} 41. Be7 Rxg2 42. Rxg2 Nxg2 43. Qxg2 Qxb6 44. Qd2 Qc6+ 45. Kg1 {[%csl Ge7][%cal Rd2d8]} b6 46. Bh4 h5 47. Bf2 {Black should prevent Qd4.} (47. Qd8+ $6 Kb7 $16) 47... Kb7 48. Qe3 f6 49. Kh2 e5 50. Be1 Qd5 51. Bf2 Qc6 52. Bh4 {Threatening Qe2.} Ka7 53. Bg3 Kb7 54. Qd3 Ka7 55. Kg1 Qa4 56. Bf2 Qc6 57. c4 Kb7 58. Qb3 {next c5 is good for White.} Kc7 59. Qb4 Qe6 60. Kh2 f5 61. Qa4 Kb7 62. Qb5 Kc7 63. Qa6 Qc6 64. Qa7+ Kc8 65. Qf7 (65. Bxb6 Qxc4 66. Qa8+ Kd7 $16) 65... f4 66. Qf5+ ({Less strong is} 66. Qxh5 Qf6 $18) 66... Kb7 67. Qxe5 Qxc4 68. Qxh5 Ka6 69. Qh6 {[%csl Gf2][%cal Rh6b6]} Qc7 70. Qe6 Kb7 71. Qe4+ Qc6 72. Qd4 {Strongly threatening Kh3.} ({Weaker is} 72. Qxf4 b5 $18) 72... Qh6+ 73. Kg2 {Kf3 is the strong threat.} ({Not} 73. Kg1 Qg5+ 74. Kf1 Qb5+ 75. Kg2 Qc6+ 76. Kh3 Qg6 $18) 73... Qc6+ 74. Kh3 f3 (74... Qe6+ {is interesting.} 75. Kh4 Qh6+ 76. Kg4 Qg6+ 77. Kf3 Qh5+) 75. Kg3 Ka6 76. Qg7 Qd6+ 77. Kxf3 Qd5+ 78. Kg3 Qd6+ 79. Kg2 {Hoping for Qc3.} Qd5+ 80. Kh2 Qd6+ 81. Bg3 Qc6 82. Qh7 Qe6 83. Qc7 (83. Qd3+ $14 b5 84. Bf4) 83... Qe2+ {The position is equal.} 84. Kg1 {Black must now prevent Qc8+.} Qd1+ 85. Kf2 {And now Qc4+ would win.} Qd2+ 86. Kf1 {aiming for Qc4+.} Qd3+ 87. Ke1 {Accuracy: White = 59%, Black = 60%.} 1/2-1/2

[Event "9th HDBank Open 2019"]
[Site "Ho Chi Minh City"]
[Date "2019.03.10"]
[Round "5.7"]
[White "Nguyen, Ngoc Truong Son"]
[Black "Laylo, Darwin"]
[Result "1-0"]
[WhiteElo "2647"]
[BlackElo "2430"]
[Annotator "TA"]
[PlyCount "87"]
[EventDate "2019.03.07"]
[EventType "swiss"]
[EventCountry "VIE"]
[SourceTitle "playchess.com"]
[Source "ChessBase"]
[SourceQuality "1"]

{[%evp 16,87,24,16,70,46,43,49,58,51,58,57,56,37,60,20,87,87,83,79,104,97,125,118,120,118,121,125,115,121,121,114,158,157,155,155,162,162,160,155,235,231,228,225,237,239,241,239,243,237,223,222,251,251,314,273,274,266,266,266,321,266,410,381,389,306,491,473,474,469,548,522,502,446]} 1. Nf3 Nf6 2. c4 c6 3. Nc3 d5 4. d4 g6 5. cxd5 cxd5 6. Bf4 Bg7 7. e3 O-O 8. Be2 Nc6 9. h3 Nd7 $146 {D90: Grünfeld: 4 Nf3 Bg7 sidelines} (9... Qb6 $11) ({Predecessor:} 9... a6 10. O-O Bf5 11. Rc1 Rc8 12. Qb3 b5 13. Ne5 Nxe5 14. Bxe5 Ne4 15. Nxe4 Bxe4 16. Bxg7 Kxg7 17. Rc5 e5 18. Rfc1 Rxc5 19. dxc5 {1-0 (39) Carlsen,M (2834)-Yanchenko,R (2436) chess.com INT 2018}) 10. Nxd5 {aiming for Bc7.} Qa5+ 11. Nc3 e5 {White is slightly better.} 12. dxe5 Ndxe5 13. Nxe5 Nxe5 14. O-O $36 {[%mdl 2048] White is more active.} Be6 15. Qa4 Nc4 (15... Qxa4 $11 16. Nxa4 Rfc8) 16. Qxa5 $16 Nxa5 17. Rac1 Rfc8 18. Bf3 Rc4 19. Nd5 Bxb2 20. Rxc4 Nxc4 21. Nc7 Rd8 22. Nxe6 fxe6 23. Bxb7 e5 24. Bg5 Rd6 25. Rb1 {Strongly threatening e4.} Kg7 26. Bf3 Rd2 27. Rd1 a5 (27... Rxd1+ $16 28. Bxd1 Nd6) 28. Rxd2 $18 Nxd2 {[%mdl 4096] Endgame KBB-KBN} 29. Bd5 Nb1 30. Bd8 Nc3 31. Bc4 a4 32. Kf1 Ne4 {[#] White must now prevent ...Nd2+.} 33. Ke2 h6 34. Be7 g5 35. f3 Ng3+ 36. Kd3 Nf5 37. Bc5 Nh4 38. Kc2 Ba1 (38... a3 $142 39. Bf1 Nf5) 39. Bf1 Kf6 40. a3 Kf5 $2 {[#]} (40... e4 41. fxe4 Be5) 41. g4+ {White is clearly winning.} Kf6 42. Be2 Ng2 43. Kd2 Nh4 44. Bd1 {Accuracy: White = 91%, Black = 41%.} 1-0

[Event "9th HDBank Open 2019"]
[Site "Ho Chi Minh City"]
[Date "2019.03.10"]
[Round "5.8"]
[White "Bulmaga, Irina"]
[Black "Predke, Alexandr"]
[Result "1/2-1/2"]
[WhiteElo "2424"]
[BlackElo "2611"]
[Annotator "TA"]
[PlyCount "107"]
[EventDate "2019.03.07"]
[EventType "swiss"]
[EventCountry "VIE"]
[SourceTitle "playchess.com"]
[Source "ChessBase"]
[SourceQuality "1"]

{[%evp 11,107,18,37,20,20,22,25,14,31,23,30,23,26,8,12,12,14,-11,26,29,44,0,0,0,0,-12,-12,-26,-14,-20,0,0,0,0,0,0,0,-27,-27,-27,-27,-27,-27,-26,6,8,395,387,386,37,37,37,37,38,37,37,37,35,35,35,84,53,217,217,201,16,16,16,16,16,16,12,13,16,16,17,18,0,0,0,0,0,0,0,0,0,0,0,0,0,0,0,0,0,0,0,0,0]} 1. e4 e5 2. Nf3 Nc6 3. Bc4 Nf6 4. d3 Bc5 5. c3 a6 6. O-O d6 7. a4 {C54: Giuoco Piano: 4 c3 Nf6, main lines with 5 d4 and 5 d3} Ba7 (7... O-O 8. Bg5 h6 9. Bh4 g5 10. Bg3 Ba7 11. Nbd2 Nh7 12. h3 h5 13. d4 h4 14. Bh2 g4 15. hxg4 Bxg4 16. dxe5 dxe5 {1-0 (45) Duda,J (2738)-Kramnik,V (2777) Wijk aan Zee 2019}) 8. Re1 O-O 9. h3 {White has an edge.} Be6 10. Nbd2 h6 11. Bxe6 fxe6 12. Nc4 a5 13. Be3 Bxe3 14. Nxe3 $146 ({Predecessor:} 14. Rxe3) 14... d5 15. exd5 exd5 16. d4 e4 17. Ne5 Qd6 18. Nf5 Qe6 19. Nxc6 bxc6 20. Ne3 Qd6 21. c4 Rab8 22. b3 Nh7 23. Rc1 Ng5 24. Qh5 Rxb3 25. cxd5 $1 cxd5 26. h4 Ne6 {next ...Nf4 is good for Black.} 27. Nxd5 Nxd4 (27... Rb2 $5 {[%cal Rf8f2]} 28. Rc6 Nf4 29. Rxd6 Nxh5 30. Ne7+ Kh7 $15) 28. Rxe4 Nf5 $2 {[%mdl 8192] [#]} (28... Rd3 $1 $11) 29. Rd1 $1 $18 Kh7 30. Ne7 $2 (30. Nf4 $18 g6 31. Qg4 (31. Rxd6 gxh5 32. Rd7+ Kg8 $18)) 30... Qf6 $14 31. Qxf5+ Qxf5 32. Nxf5 Rxf5 {[%mdl 4096] Endgame KRR-KRR} 33. Rd7 {Rg4 is the strong threat.} Rb1+ 34. Kh2 {Strongly threatening Rg4.} Rb4 35. Ree7 Rg4 36. f3 Rg6 $2 (36... Rxh4+ $14 37. Kg3 Rxa4) 37. Rxc7 $18 Rf4 {[#]} 38. Re4 $2 ({Only move:} 38. Kh3 $1 $18) 38... Rxe4 $11 {The position is equal.} 39. fxe4 {KR-KR} Rg4 $1 {[%cal Rg4h4]} 40. Re7 Rxh4+ 41. Kg3 Rh5 42. Kf4 Rh4+ 43. Kf3 Rh5 $1 44. Kf4 Rh4+ 45. g4 h5 46. Kg5 Rxg4+ 47. Kxh5 Rg1 48. Re5 g6+ 49. Kh4 Kh6 50. Rxa5 g5+ 51. Kh3 Kh5 52. Ra8 {And now a5 would win.} Re1 53. Rh8+ Kg6 {Threatens to win with ...Rh1+.} 54. Rg8+ {Accuracy: White = 52%, Black = 63%.} 1/2-1/2